| 000 | 00574nam a2200217 i 4500 | ||
|---|---|---|---|
| 001 | 89507 | ||
| 003 | ES-MaACL | ||
| 005 | 20250805063249.0 | ||
| 007 | t| | ||
| 008 | 050111s1972 sp ||||1| spa d | ||
| 080 | _a299.513 | ||
| 100 | 0 |
_aLaozi _9241542 |
|
| 245 | 1 | 0 |
_aTao te king / _cLao-tse ; versión y prefacio de José M. Tola. |
| 250 | _a1ª ed. | ||
| 260 |
_aBarcelona : _bBarral, _c1972. |
||
| 300 |
_a101 p. ; _c19 cm. |
||
| 650 | 0 | 4 |
_aTaoísmo. _917283 |
| 700 | 1 |
_aTola, José M. _9110436 |
|
| 852 |
_aES-MaACL _jC-43841 |
||
| 999 |
_c89507 _d89507 |
||